Top 15 brawlers mais ODIADOS - Statistics

Estatísticas Gerais
  • Esse quiz foi jogado 106 vezes
  • A pontuação média é 8 de 15
Estatísticas das Respostas
Resposta % Correto
Edgar
96%
Kit
86%
Kenji
69%
Mortis
67%
Dyna
64%
Frank
62%
Buzz
52%
Tick
47%
Moe
42%
Surge
38%
Gale
36%
Nita
36%
Clancy
26%
Darryl
25%
Jacky
19%
Nenhum quiz correspondente encontrado
Distribuição das Pontuações
Porcentagem de Pessoas com Cada Pontuação
Percentil de Números Respondidos
Sua Pontuação Histórica
Você não jogou esse quiz